[Event "BUL-chT (Women) 42th"]
[Site "Sunny Beach"]
[Date "2009.05.09"]
[Round "2.4"]
[White "Koen, Maja"]
[Black "Benderac, Ana"]
[Result "0-1"]
[WhiteElo "2114"]
[BlackElo "2322"]
[PlyCount "56"]
[EventDate "2009.05.08"]
[EventType "team-tourn"]
[EventRounds "7"]
[EventCountry "BUL"]
[SourceTitle "CBM 130 Extra"]
[Source "ChessBase"]
[SourceDate "2009.07.02"]
[SourceVersion "2"]
[SourceVersionDate "2009.07.15"]
[SourceQuality "1"]
[WhiteTeam "Plovdiv Rokada (W)"]
[BlackTeam "Sofia CSKA (W)"]
[WhiteTeamCountry "BUL"]
[BlackTeamCountry "BUL"]

1. d4 d6 2. e4 c6 3. g3 Qc7 4. Bg2 e5 5. Ne2 Nf6 6. a4 Be7 7. 0-0 0-0 8. Kh1 Re8 9. b3 d5 10. exd5 Nxd5 11. Bb2 Bf6 12. Qd2 Na6 13. Nbc3 Nxc3 14. Nxc3 Bf5 15. dxe5 Bxe5 16. f4 Rad8 17. Qc1 Bd4 18. Re1 Qa5 19. Rxe8+ Rxe8 20. Qd2 Rd8 21. Re1 Bf6 22. Qe3 h5 23. Bf3 Bxc2 24. Bd1 Bg6 25. Qc1 Nb4 26. Be2 Na2 27. Nxa2 Bxb2 28. b4 Qd5+ 0-1

[Event "Baharov Memorial op 15th"]
[Site "Sofia"]
[Date "2007.11.28"]
[Round "2"]
[White "Koen, Maja"]
[Black "Kolev, Velio"]
[Result "1-0"]
[WhiteElo "2170"]
[BlackElo "1981"]
[PlyCount "83"]
[EventDate "2007.11.27"]
[EventType "swiss"]
[EventRounds "7"]
[EventCountry "BUL"]
[SourceTitle "CBM 121 Extra"]
[Source "ChessBase"]
[SourceDate "2008.01.10"]
[SourceVersion "1"]
[SourceVersionDate "2008.01.10"]
[SourceQuality "1"]

1. d4 Nf6 2. c4 c5 3. d5 b5 4. cxb5 a6 5. bxa6 g6 6. g3 d6 7. Bg2 Bg7 8. Bd2 0-0 9. Bc3 Bxa6 10. Nd2 Nbd7 11. Nh3 Nb6 12. Nf1 Bc4 13. Ne3 Bxa2 14. 0-0 c4 15. Qd2 Bb3 16. Rac1 Qc7 17. g4 Rfc8 18. g5 Nfd7 19. Ng4 f6 20. Nf4 Ne5 21. Ne6 Qd7 22. Nxe5 dxe5 23. Nxg7 Kxg7 24. f4 e4 25. Bxe4 Na4 26. Bd4 c3 27. bxc3 Qg4+ 28. Kh1 Rc4 29. d6 Rxd4 30. Qxd4 Rd8 31. Bf3 Qe6 32. gxf6+ exf6 33. f5 gxf5 34. Rg1+ Kh8 35. Qa7 Qd7 36. Qc7 Qxc7 37. dxc7 Rc8 38. Rb1 Nc5 39. Ra1 Ne4 40. Bxe4 fxe4 41. Rab1 Bd5 42. e3 1-0

[Event "BUL-ch (Women) op"]
[Site "Vratsa"]
[Date "2007.07.26"]
[Round "3"]
[White "Dragomirescu, Angela"]
[Black "Koen, Maja"]
[Result "1/2-1/2"]
[WhiteElo "2227"]
[BlackElo "2192"]
[PlyCount "80"]
[EventDate "2007.07.25"]
[EventType "swiss"]
[EventRounds "9"]
[EventCountry "BUL"]
[SourceTitle "CBM 119 Extra"]
[Source "ChessBase"]
[SourceDate "2007.09.04"]
[SourceVersion "1"]
[SourceVersionDate "2007.09.04"]
[SourceQuality "1"]

1. d4 Nf6 2. c4 e6 3. Nc3 Bb4 4. Qc2 0-0 5. Bg5 h6 6. Bh4 c5 7. dxc5 Bxc5 8. e3 Be7 9. Nf3 a6 10. Be2 d6 11. 0-0 Nbd7 12. Nd4 Qc7 13. Rac1 b6 14. Rfd1 Bb7 15. Qb1 Rac8 16. Bg3 Ne5 17. h3 Qb8 18. b3 Nfd7 19. Qb2 Qa8 20. Bf1 Rfe8 21. Rc2 Bf8 22. a3 Nc5 23. Rcd2 g6 24. Nde2 Ne4 25. Nxe4 Bxe4 26. Bxe5 dxe5 27. Ng3 Bc6 28. b4 Bg7 29. Qb1 Ba4 30. Rc1 Red8 31. Ne4 Rxd2 32. Nxd2 Rd8 33. Ne4 Bc6 34. Nc3 Bf8 35. Rd1 Rc8 36. Rd2 Be7 37. Qd1 Qb7 38. Qb1 Qa8 39. Qd1 Qb7 40. Qb1 Qa8 1/2-1/2

[Event "Vratsa op (Women)"]
[Site "Vratsa"]
[Date "2006.07.28"]
[Round "3"]
[White "Koen, Maja"]
[Black "Vladimirova, Maria"]
[Result "0-1"]
[WhiteElo "2233"]
[BlackElo "1931"]
[PlyCount "70"]
[EventDate "2006.07.27"]
[EventType "swiss"]
[EventRounds "9"]
[EventCountry "BUL"]
[SourceTitle "CBM 113 Extra"]
[Source "ChessBase"]
[SourceDate "2006.09.14"]
[SourceVersion "1"]
[SourceVersionDate "2006.09.14"]
[SourceQuality "1"]

1. d4 d5 2. Nf3 c5 3. e3 Nf6 4. a3 e6 5. dxc5 Bxc5 6. b4 Bd6 7. c4 0-0 8. c5 Be7 9. Bb2 b6 10. cxb6 Qxb6 11. Bd4 Qb7 12. Bd3 Ne4 13. 0-0 Nd7 14. Ra2 Ndf6 15. Qe2 a5 16. bxa5 Rxa5 17. Rb2 Qa8 18. Bb6 Ra4 19. Nd4 Nd7 20. Qc2 Nxb6 21. Rxb6 Bc5 22. Rc6 Bxd4 23. exd4 Rxd4 24. Rc1 Bb7 25. Rc7 Ba6 26. Bxa6 Qxa6 27. f3 Nf6 28. Qb2 Qa4 29. Nc3 Qa5 30. Ne4 e5 31. Nxf6+ gxf6 32. Rb7 Kh8 33. h3 Rg8 34. Rc2 Qe1+ 35. Kh2 Qg3+ 0-1

[Event "Komotini GP"]
[Site "Komotini"]
[Date "1993.??.??"]
[Round "2"]
[White "Moutousis, Konstantinos"]
[Black "Koen, Maja"]
[Result "1/2-1/2"]
[WhiteElo "2425"]
[BlackElo "2215"]
[PlyCount "120"]
[EventDate "1993.08.??"]
[EventType "swiss"]
[EventRounds "9"]
[EventCountry "GRE"]
[SourceTitle "TD"]
[Source "ChessBase"]
[SourceDate "1994.03.01"]
[SourceVersion "1"]
[SourceVersionDate "1994.03.01"]
[SourceQuality "1"]

1. d4 Nf6 2. Nf3 d5 3. Bf4 Bf5 4. c4 c6 5. e3 e6 6. Nc3 Bd6 7. Bg3 0-0 8. Bd3 Bxd3 9. Qxd3 Re8 10. 0-0 Bxg3 11. hxg3 Nbd7 12. e4 dxe4 13. Nxe4 e5 14. Rad1 exd4 15. Nd6 Re6 16. Qxd4 c5 17. Qf4 h6 18. Rd2 Qc7 19. Rfd1 Nf8 20. g4 Ne4 21. Qxe4 Rxe4 22. Nxe4 Ne6 23. Rd7 Qf4 24. Ng3 Re8 25. Rxb7 Qxg4 26. Rxa7 h5 27. Rdd7 h4 28. Ne5 Qf4 29. Nd3 Qxc4 30. Nf5 Qg4 31. Ne3 Qe4 32. b3 h3 33. Ra4 Nd4 34. Nxc5 Ne2+ 35. Kh1 Ng3+ 36. Kh2 Qe5 37. Nd3 Nf1+ 38. Kg1 h2+ 39. Kh1 Qa1 40. Nxf1 Qxf1+ 41. Kxh2 Qd1 42. f3 Qd2 43. Rc4 Re6 44. Rh4 Qg5 45. Rg4 Rh6+ 46. Kg3 Qb5 47. Rd8+ Kh7 48. b4 Qb6 49. Rd7 Qe6 50. Rd8 f5 51. Rgd4 Qe2 52. R4d6 Rh5 53. Nc5 Rg5+ 54. Kf4 Qxg2 55. Ne6 Qg3+ 56. Ke3 f4+ 57. Kd4 Qf2+ 58. Kc4 Qxa2+ 59. Kc3 Qa3+ 60. Kc4 Qc1+ 1/2-1/2

[Event "Olympiad Women-30"]
[Site "Manila"]
[Date "1992.06.24"]
[Round "14"]
[White "Koen, Maja"]
[Black "Litynska, Marta"]
[Result "1-0"]
[WhiteElo "2225"]
[BlackElo "2370"]
[PlyCount "109"]
[EventDate "1992.06.07"]
[EventType "team-swiss"]
[EventRounds "14"]
[EventCountry "PHI"]
[SourceTitle "EXT 2019"]
[Source "ChessBase"]
[SourceDate "2018.10.10"]
[SourceVersion "1"]
[SourceVersionDate "2018.10.10"]
[SourceQuality "1"]
[WhiteTeam "Bulgaria (W)"]
[BlackTeam "Ukraine (W)"]
[WhiteTeamCountry "BUL"]
[BlackTeamCountry "UKR"]

1. d4 Nf6 2. c4 e6 3. Nc3 Bb4 4. e3 c5 5. Nge2 b6 6. a3 Ba5 7. Rb1 Na6 8. Qa4 Qe7 9. Bd2 Bb7 10. f3 Bc6 11. Qc2 0-0 12. Nc1 Nh5 13. N3e2 Bxd2+ 14. Qxd2 Rac8 15. Nc3 d6 16. Bd3 f5 17. 0-0 e5 18. d5 Be8 19. N1e2 f4 20. Rbe1 Qh4 21. exf4 exf4 22. Ne4 Qd8 23. g4 fxg3 24. hxg3 g6 25. Kg2 Nc7 26. Rh1 Rf7 27. Rh4 Rg7 28. Qc3 b5 29. b3 Rb8 30. Reh1 bxc4 31. bxc4 Ba4 32. Rxh5 gxh5 33. Nf6+ Kf7 34. Nxh5 Rg5 35. Rh4 Ne8 36. Rf4+ Kg8 37. Bf5 Bd7 38. Bxd7 Qxd7 39. g4 Re5 40. Neg3 Qb7 41. Nf5 Qb2+ 42. Qxb2 Rxb2+ 43. Kg3 h6 44. Nxh6+ Kh7 45. Nf7 Re7 46. Rf5 Rc2 47. Ng5+ Kg8 48. Ne6 Rf7 49. Rg5+ Kh7 50. Nhf4 Ng7 51. Nd8 Re7 52. Rg6 Rxc4 53. Rxd6 Rd4 54. Nc6 Rd1 55. Nxe7 1-0

[Event "Olympiad Women-30"]
[Site "Manila"]
[Date "1992.06.17"]
[Round "9"]
[White "Koen, Maja"]
[Black "Botsari, Anna Maria"]
[Result "1-0"]
[WhiteElo "2225"]
[BlackElo "2305"]
[PlyCount "157"]
[EventDate "1992.06.07"]
[EventType "team-swiss"]
[EventRounds "14"]
[EventCountry "PHI"]
[SourceTitle "EXT 2019"]
[Source "ChessBase"]
[SourceDate "2018.10.10"]
[SourceVersion "1"]
[SourceVersionDate "2018.10.10"]
[SourceQuality "1"]
[WhiteTeam "Bulgaria (W)"]
[BlackTeam "Greece (W)"]
[WhiteTeamCountry "BUL"]
[BlackTeamCountry "GRE"]

1. d4 Nf6 2. c4 e6 3. Nc3 Bb4 4. e3 c5 5. Nge2 cxd4 6. exd4 d5 7. a3 Be7 8. Nf4 0-0 9. cxd5 Nxd5 10. Ncxd5 exd5 11. Bd3 Nc6 12. Be3 Bf6 13. 0-0 g6 14. Rc1 Qd6 15. Qf3 Rd8 16. Ne2 Bg7 17. Rfd1 Be6 18. h3 Rac8 19. g4 Rf8 20. Bb5 a6 21. Bxc6 Rxc6 22. Rxc6 Qxc6 23. Nc3 h6 24. Qg3 Qd7 25. Bf4 Rc8 26. Be5 f6 27. Bd6 Rc6 28. Bf4 g5 29. Bb8 Rc8 30. Re1 f5 31. Be5 Bf8 32. gxf5 Bxf5 33. Qf3 Rxc3 34. Qxc3 Bxh3 35. Kh2 Bf5 36. Qc7 Qe8 37. Qxb7 Qh5+ 38. Kg1 Qg4+ 39. Bg3 Be4 40. Qxa6 h5 41. Rxe4 Qxe4 42. Qf6 Qg4 43. Kh2 Bg7 44. Qg6 Kh8 45. Qe8+ Kh7 46. Qe7 Kg8 47. Qe8+ Kh7 48. Qe7 Kg8 49. Qd8+ Kh7 50. Qxd5 Qxd4 51. Qxg5 Qxb2 52. Qxh5+ Kg8 53. Qd5+ Kh7 54. a4 Bd4 55. Kg2 Qb6 56. a5 Qa7 57. Qf5+ Kg8 58. Qc8+ Kf7 59. Qc7+ Qxc7 60. Bxc7 Ke6 61. f3 Kd7 62. Bb6 Be5 63. Kh3 Kc6 64. Kg4 Kb5 65. Kf5 Bg3 66. Ke4 Ka6 67. Bd4 Kxa5 68. Be5 Bh4 69. f4 Kb6 70. Kd5 Kb7 71. Ke6 Kc6 72. Bg7 Kc7 73. Bf6 Bg3 74. f5 Kc8 75. Be7 Bf4 76. f6 Bg5 77. f7 Bh6 78. Kf6 Kd7 79. Ba3 1-0

[Event "EU-chT (Women) 1st"]
[Site "Debrecen"]
[Date "1992.??.??"]
[Round "7"]
[White "Fischdick, Gisela"]
[Black "Koen, Maja"]
[Result "1-0"]
[WhiteElo "2265"]
[BlackElo "2255"]
[PlyCount "65"]
[EventDate "1992.11.20"]
[EventType "team-swiss"]
[EventRounds "9"]
[EventCountry "HUN"]
[SourceTitle "EXT 2020"]
[Source "ChessBase"]
[SourceDate "2019.10.17"]
[SourceVersion "1"]
[SourceVersionDate "2019.10.17"]
[SourceQuality "1"]
[WhiteTeam "Germany (W)"]
[BlackTeam "Bulgaria (W)"]
[WhiteTeamCountry "GER"]
[BlackTeamCountry "BUL"]

1. d4 Nf6 2. c4 e6 3. Nc3 Bb4 4. Nf3 c5 5. g3 cxd4 6. Nxd4 0-0 7. Bg2 d5 8. Qb3 Bxc3+ 9. bxc3 dxc4 10. Qa3 Nc6 11. Nxc6 bxc6 12. Bxc6 Rb8 13. Qxa7 Rb6 14. Bf3 Nd7 15. Be3 Ra6 16. Qd4 Qc7 17. 0-0 e5 18. Qh4 Re8 19. Rfd1 Ra3 20. Bd2 Nf8 21. Qe4 Be6 22. Bc1 Ra5 23. Qc6 Qxc6 24. Bxc6 Rc8 25. Be4 f5 26. Bg2 h6 27. e4 fxe4 28. Bxe4 Kf7 29. f4 Bg4 30. Rd5 Rxd5 31. Bxd5+ Be6 32. Be4 Nd7 33. f5 1-0

[Event "EU-chT (Women) 1st"]
[Site "Debrecen"]
[Date "1992.??.??"]
[Round "8"]
[White "Koen, Maja"]
[Black "Botsari, Anna Maria"]
[Result "0-1"]
[WhiteElo "2255"]
[BlackElo "2315"]
[PlyCount "126"]
[EventDate "1992.11.20"]
[EventType "team-swiss"]
[EventRounds "9"]
[EventCountry "HUN"]
[SourceTitle "EXT 2020"]
[Source "ChessBase"]
[SourceDate "2019.10.17"]
[SourceVersion "1"]
[SourceVersionDate "2019.10.17"]
[SourceQuality "1"]
[WhiteTeam "Bulgaria (W)"]
[BlackTeam "Greece (W)"]
[WhiteTeamCountry "BUL"]
[BlackTeamCountry "GRE"]

1. d4 Nf6 2. c4 g6 3. Nc3 Bg7 4. e4 d6 5. Be2 0-0 6. Nf3 e5 7. 0-0 Nc6 8. d5 Ne7 9. Nd2 Ne8 10. a3 f5 11. b4 Nf6 12. f3 f4 13. c5 g5 14. Nc4 Ng6 15. a4 h5 16. Ba3 Rf7 17. b5 Bf8 18. b6 dxc5 19. bxc7 Rxc7 20. Nb5 Rg7 21. Bb2 a6 22. Nba3 Nd7 23. d6 Qf6 24. Qd5+ Kh7 25. a5 Rb8 26. Rad1 b5 27. axb6 Nxb6 28. Qxc5 Na4 29. Bxe5 Nxe5 30. Qxe5 Qxe5 31. Nxe5 Nc3 32. Bc4 Nxd1 33. Rxd1 Bd7 34. Nxd7 Rxd7 35. e5 Re8 36. Bd3+ Kh6 37. Bf5 Rf7 38. Be4 Ra7 39. Nc4 a5 40. Kf2 a4 41. e6 a3 42. e7 Bxe7 43. dxe7 Rexe7 44. Ra1 a2 45. Ke2 Red7 46. Nb6 Rd4 47. Nd5 Ra3 48. Ne7 Rb4 49. Nf5+ Kg6 50. Nd4+ Kf6 51. Nc2 Rb1 52. Kd2 g4 53. fxg4 hxg4 54. h3 Rxa1 55. Nxa1 gxh3 56. gxh3 Rxh3 57. Kc2 Ke5 58. Bf3 Kd4 59. Kb2 Rh2+ 60. Ka3 Kc3 61. Be4 Re2 62. Bf3 Re3 63. Bg2 Re7 0-1

[Event "Balkaniad"]
[Site "Mangalia"]
[Date "1992.??.??"]
[Round "2"]
[White "Koen, Maja"]
[Black "Cinar, Nilufer"]
[Result "1-0"]
[WhiteElo "2225"]
[BlackElo "2085"]
[PlyCount "76"]
[EventDate "1992.10.??"]
[EventType "team"]
[EventRounds "3"]
[EventCountry "ROU"]
[SourceTitle "EXT 1997"]
[Source "ChessBase"]
[SourceDate "1996.11.15"]
[SourceVersion "1"]
[SourceVersionDate "1996.11.15"]
[SourceQuality "1"]

1. d4 Nf6 2. c4 g6 3. Nc3 Bg7 4. e4 d6 5. Nf3 0-0 6. Be2 e5 7. d5 a5 8. Nd2 Na6 9. h4 Nc5 10. g4 c6 11. h5 a4 12. g5 Ne8 13. Nf1 f5 14. hxg6 hxg6 15. exf5 Bxf5 16. Ng3 e4 17. Be3 Nd3+ 18. Bxd3 exd3 19. Nxf5 Rxf5 20. Qxd3 a3 21. b4 cxd5 22. Rd1 d4 23. Bxd4 Qxg5 24. Kf1 Nf6 25. Rg1 Ng4 26. Qg3 Bxd4 27. Rxd4 Ne3+ 28. Ke2 Qxg3 29. Rxg3 Nc2 30. Rxd6 Re8+ 31. Kf1 Ne3+ 32. Kg1 Nxc4 33. Rdxg6+ Kf7 34. Rg7+ Kf6 35. Rxb7 Nd2 36. Kg2 Re1 37. Rbg7 Rc1 38. R7g6+ Ke5 1-0

[Event "BUL-chT (Women)"]
[Site "Bankia"]
[Date "1992.??.??"]
[Round "?"]
[White "Koen, Maja"]
[Black "Dojkova, Galina"]
[Result "1-0"]
[WhiteElo "2225"]
[BlackElo "2005"]
[PlyCount "77"]
[EventDate "1992.??.??"]
[EventType "team-swiss"]
[EventRounds "7"]
[EventCountry "BUL"]
[SourceTitle "EXT 1998"]
[Source "ChessBase"]
[SourceDate "1997.11.17"]
[SourceVersion "1"]
[SourceVersionDate "1997.11.17"]
[SourceQuality "1"]

1. d4 Nf6 2. c4 e6 3. Nc3 Bb4 4. e3 c5 5. Nge2 cxd4 6. exd4 d5 7. a3 Be7 8. Nf4 0-0 9. cxd5 Nxd5 10. Nfxd5 exd5 11. Bd3 Nc6 12. 0-0 Be6 13. Be3 Rc8 14. Re1 Na5 15. Qc2 h6 16. Rad1 Nc4 17. Bc1 Qa5 18. Bxc4 Rxc4 19. Bxh6 Bf6 20. Be3 b5 21. Qd2 Rfc8 22. Nxd5 Qxd2 23. Nxf6+ gxf6 24. Rxd2 Rc2 25. Rde2 Bf5 26. f3 a5 27. g4 Bd3 28. Rd2 Rc1 29. Rxc1 Rxc1+ 30. Kf2 Rc2 31. d5 Kf8 32. Kg3 Rxd2 33. Bxd2 a4 34. h4 Ke7 35. Bf4 Bc4 36. d6+ Ke6 37. h5 Bd3 38. h6 Bc2 39. Kf2 1-0

[Event "Balkaniad"]
[Site "Mangalia"]
[Date "1992.??.??"]
[Round "1"]
[White "Koen, Maja"]
[Black "Makropoulou, Marina"]
[Result "1-0"]
[WhiteElo "2225"]
[BlackElo "2305"]
[PlyCount "71"]
[EventDate "1992.10.??"]
[EventType "team"]
[EventRounds "3"]
[EventCountry "ROU"]
[SourceTitle "EXT 1997"]
[Source "ChessBase"]
[SourceDate "1996.11.15"]
[SourceVersion "1"]
[SourceVersionDate "1996.11.15"]
[SourceQuality "1"]

1. d4 Nf6 2. c4 g6 3. Nc3 Bg7 4. e4 d6 5. Nf3 0-0 6. Be2 e5 7. d5 a5 8. h3 Na6 9. Bg5 Nc5 10. Nd2 h6 11. Be3 Nh7 12. h4 f5 13. h5 gxh5 14. exf5 Bxf5 15. Bxc5 dxc5 16. Nde4 Ng5 17. Bd3 Nxe4 18. Bxe4 Bxe4 19. Nxe4 Rf4 20. Qe2 h4 21. 0-0-0 Qe7 22. g3 hxg3 23. fxg3 Rxe4 24. Qxe4 Qg5+ 25. Rd2 Rf8 26. d6 cxd6 27. Qd5+ Kh8 28. Qxd6 e4 29. Qd5 Qe3 30. Kc2 a4 31. Rh4 Rf2 32. Rxf2 Qxf2+ 33. Qd2 Qxg3 34. Rxe4 Qg6 35. Qd3 Qg2+ 36. Re2 1-0

[Event "Calimanesti (Women)"]
[Site "Calimanesti"]
[Date "1992.??.??"]
[Round "?"]
[White "Koen, Maja"]
[Black "Marin, Irina Luiza"]
[Result "1-0"]
[WhiteElo "2225"]
[BlackElo "2261"]
[PlyCount "72"]
[EventDate "1992.??.??"]
[EventType "tourn"]
[EventRounds "11"]
[EventCountry "ROU"]
[SourceTitle "EXT 1997"]
[Source "ChessBase"]
[SourceDate "1996.11.15"]
[SourceVersion "1"]
[SourceVersionDate "1996.11.15"]
[SourceQuality "1"]

1. d4 d5 2. c4 e6 3. Nc3 Be7 4. cxd5 exd5 5. Bf4 Nf6 6. e3 0-0 7. Bd3 c5 8. Nf3 Nc6 9. dxc5 Bxc5 10. 0-0 a6 11. Rc1 h6 12. Bb1 Be7 13. a3 Be6 14. Ba2 Rc8 15. h3 Qa5 16. Ne5 Rfd8 17. Qf3 Ne4 18. Nxc6 Rxc6 19. Nxe4 dxe4 20. Qxe4 Rxc1 21. Rxc1 Qd2 22. Rf1 Bxa2 23. Qxe7 Bc4 24. e4 Qd7 25. Qxd7 Rxd7 26. Rc1 b5 27. g4 Rd3 28. Kg2 Kh7 29. Be5 a5 30. a4 Rb3 31. axb5 Bxb5 32. Rc7 Kg6 33. f4 Bd3 34. f5+ Kg5 35. Kh2 Kh4 36. Bc3 Rb7 1-0